| 000 | 00481nam a2200145Ia 4500 | ||
|---|---|---|---|
| 008 | 200626s9999 xx 000 0 und d | ||
| 020 | _a978-0-566-088490 | ||
| 100 | _aBarnes, Paul | ||
| 245 |
_cPaul Barnes _aStock market efficiency, insider dealing and market abuse / |
||
| 260 |
_aFarnham, England ; Burlington, VT : _bGower Publishing Ltd. _c2009 |
||
| 300 | _axi, 209 pages | ||
| 500 | _aIncludes index. | ||
| 650 | _aEfficient market theory. | ||
| 650 | _aSecurities fraud. | ||
| 999 |
_c363780 _d363780 |
||